Pearson science 3 (Record no. 110171)

MARC details
000 -LÍDER
campo de controle de tamanho fixo 00557 a2200205 4500
001 - NÚMERO DE CONTROLE
campo de controle 110171
020 ## - ISBN - INTERNATIONAL STANDARD BOOK NUMBER
ISBN - International Standard Book Number 9780133126051
041 ## - CÓDIGO DE IDIOMA
Código do idioma do texto/trilha sonora ou título diferente por
082 ## - CDD - CLASSIFICAÇÃO DECIMAL DE DEWEY
Número de Classificação P Year 3 500
040 ## - FONTE DA CATALOGAÇÃO
Instituição da catalogação original BR-BrIDEA
Instituição que transcreveu o registro BR-BrIDEA
090 ## - NÚMERO DE CHAMADA LOCAL
Número de chamada (OCLC) (R); Número de chamada, CALL (RLIN) (NR) P Year 3 500
Número Cutter local (OCLC); Número de classificação do livro, CALL (RLIN) ASP
100 ## - ENTRADA PRINCIPAL--NOME PESSOAL
Nome pessoal Aspen-Baxter, Linda
245 10 - TÍTULO
Título Pearson science 3
Restante do título Saskatchewan edition
Indicação de responsabilidade, etc. Linda Aspen-Baxter et al
260 ## - PUBLICAÇÃO, DISTRIBUIÇÃO, ETC.
Local de publicação, distribuição, etc. [S.l.]
Nome do editor, distribuidor, etc. Pearson Canada
Data da publicação, distribuição, etc. 2013
300 ## - DESCRIÇÃO FÍSICA
Extensão 205 p
697 ## - ENTRADA DE ASSUNTO LOCAL--ENTIDADE COLETIVA (RLIN)
Nome corporativo ou nome da jurisdição Science - Study and teaching.
700 ## - ENTRADA ADICIONADA - NOME PESSOAL
Nome pessoal Aspen-Baxter, Linda [et.al.]
856 ## - LOCALIZAÇÃO ELETRÔNICA E ACESSO
Uniform Resource Identifier <a href="000018/00001899.jpg">000018/00001899.jpg</a>
942 ## - ELEMENTOS DE ENTRADA ADICIONADOS (KOHA)
Tipo de material Koha Livros
Holdings
Situação do descarte Situação das perdas Fonte da classificação ou esquema de arquivamento na estante Situação física Não pode ser emprestado Biblioteca de origem Biblioteca atual Data de aquisição Total de empréstimos Número de chamada completo Código de barras Devolução em Data de último acesso Data do último empréstimo Data do preço efetivo Tipo de material Koha
    Classificação Decimal de Dewey     ECB - SUDOESTE ECB - SUDOESTE 11/10/2016 1 P Year 3 500 00024782SSW 29/11/2024 21/02/2024 21/02/2024 23/01/2024 Textbook
    Classificação Decimal de Dewey     ECB - SUDOESTE ECB - SUDOESTE 11/10/2016 1 P Year 3 500 00024780SSW 29/11/2024 20/02/2024 20/02/2024 23/01/2024 Textbook
    Classificação Decimal de Dewey     ECB - SUDOESTE ECB - SUDOESTE 05/12/2017   P Year 3 500 00030567SSW   23/01/2024   23/01/2024 Textbook
    Classificação Decimal de Dewey     ECB - SUDOESTE ECB - SUDOESTE 05/12/2017   P Year 3 500 00030570SSW   23/01/2024   23/01/2024 Textbook
    Classificação Decimal de Dewey     ECB - SUDOESTE ECB - SUDOESTE 05/12/2017 1 P Year 3 500 00030575SSW 29/11/2024 20/02/2024 20/02/2024 23/01/2024 Textbook
    Classificação Decimal de Dewey     ECB - SUDOESTE ECB - SUDOESTE 05/12/2017   P Year 3 500 00030578SSW   23/01/2024   23/01/2024 Textbook
    Classificação Decimal de Dewey     ECB - SUDOESTE ECB - SUDOESTE 05/12/2017 1 P Year 3 500 00030583SSW 29/11/2024 20/02/2024 20/02/2024 23/01/2024 Textbook
    Classificação Decimal de Dewey     ECB - SUDOESTE ECB - SUDOESTE 05/12/2017 1 P Year 3 500 00030586SSW 29/11/2024 20/02/2024 20/02/2024 23/01/2024 Textbook
    Classificação Decimal de Dewey     ECB - SUDOESTE ECB - SUDOESTE 05/12/2017   P Year 3 500 00030591SSW   23/01/2024   23/01/2024 Textbook
    Classificação Decimal de Dewey     ECB - SUDOESTE ECB - SUDOESTE 05/12/2017 1 P Year 3 500 00030594SSW 29/11/2024 21/02/2024 21/02/2024 23/01/2024 Textbook
    Classificação Decimal de Dewey     ECB - SUDOESTE ECB - SUDOESTE 05/12/2017 1 P Year 3 500 00030599SSW 29/11/2024 21/02/2024 21/02/2024 23/01/2024 Textbook
    Classificação Decimal de Dewey     ECB - SUDOESTE ECB - SUDOESTE 05/12/2017 1 P Year 3 500 00030604SSW 29/11/2024 20/02/2024 20/02/2024 23/01/2024 Textbook
    Classificação Decimal de Dewey     ECB - SUDOESTE ECB - SUDOESTE 05/12/2017 1 P Year 3 500 00030607SSW 29/11/2024 20/02/2024 20/02/2024 23/01/2024 Textbook
    Classificação Decimal de Dewey     ECB - SUDOESTE ECB - SUDOESTE 05/12/2017   P Year 3 500 00030612SSW   23/01/2024   23/01/2024 Textbook
    Classificação Decimal de Dewey     ECB - SUDOESTE ECB - SUDOESTE 05/12/2017 1 P Year 3 500 00030615SSW 29/11/2024 20/02/2024 20/02/2024 23/01/2024 Textbook
    Classificação Decimal de Dewey     ECB - SUDOESTE ECB - SUDOESTE 05/12/2017 1 P Year 3 500 00030623SSW 29/11/2024 20/02/2024 20/02/2024 23/01/2024 Textbook
    Classificação Decimal de Dewey     ECB - SUDOESTE ECB - SUDOESTE 05/12/2017   P Year 3 500 00030628SSW   23/01/2024   23/01/2024 Textbook
    Classificação Decimal de Dewey     ECB - SUDOESTE ECB - SUDOESTE 05/12/2017   P Year 3 500 00030631SSW   23/01/2024   23/01/2024 Textbook
    Classificação Decimal de Dewey     ECB - SUDOESTE ECB - SUDOESTE 05/12/2017   P Year 3 500 00030636SSW   23/01/2024   23/01/2024 Textbook
    Classificação Decimal de Dewey     ECB - SUDOESTE ECB - SUDOESTE 05/12/2017   P Year 3 500 00030639SSW   23/01/2024   23/01/2024 Textbook
    Classificação Decimal de Dewey     ECB - SUDOESTE ECB - SUDOESTE 05/12/2017 1 P Year 3 500 00030644SSW 29/11/2024 20/02/2024 20/02/2024 23/01/2024 Textbook
    Classificação Decimal de Dewey     ECB - SUDOESTE ECB - SUDOESTE 05/12/2017 1 P Year 3 500 00030649SSW 29/11/2024 20/02/2024 20/02/2024 23/01/2024 Textbook
    Classificação Decimal de Dewey     ECB - SUDOESTE ECB - SUDOESTE 05/12/2017 1 P Year 3 500 00030652SSW 29/11/2024 20/02/2024 20/02/2024 23/01/2024 Textbook
    Classificação Decimal de Dewey     ECB - SUDOESTE ECB - SUDOESTE 05/12/2017   P Year 3 500 00030657SSW   23/01/2024   23/01/2024 Textbook
    Classificação Decimal de Dewey     ECB - SUDOESTE ECB - SUDOESTE 05/12/2017   P Year 3 500 00030660SSW   23/01/2024   23/01/2024 Textbook
    Classificação Decimal de Dewey     ECB - SUDOESTE ECB - SUDOESTE 05/12/2017 1 P Year 3 500 00030665SSW 29/11/2024 20/02/2024 20/02/2024 23/01/2024 Textbook
    Classificação Decimal de Dewey     ECB - SUDOESTE ECB - SUDOESTE 05/12/2017   P Year 3 500 00030668SSW   23/01/2024   23/01/2024 Textbook
    Classificação Decimal de Dewey     ECB - SUDOESTE ECB - SUDOESTE 05/12/2017 1 P Year 3 500 00030673SSW 29/11/2024 20/02/2024 20/02/2024 23/01/2024 Textbook
    Classificação Decimal de Dewey     ECB - SUDOESTE ECB - SUDOESTE 05/12/2017 1 P Year 3 500 00030676SSW 29/11/2024 20/02/2024 20/02/2024 23/01/2024 Textbook
    Classificação Decimal de Dewey     ECB - SUDOESTE ECB - SUDOESTE 05/12/2017 1 P Year 3 500 00030681SSW 29/11/2024 20/02/2024 20/02/2024 23/01/2024 Textbook
    Classificação Decimal de Dewey     ECB - SUDOESTE ECB - SUDOESTE 05/12/2017 1 P Year 3 500 00030684SSW 29/11/2024 20/02/2024 20/02/2024 23/01/2024 Textbook
    Classificação Decimal de Dewey Perdido   ECB - SUDOESTE ECB - SUDOESTE 05/12/2017   P Year 3 500 00030689SSW   23/01/2024   23/01/2024 Textbook
    Classificação Decimal de Dewey     ECB - SUDOESTE ECB - SUDOESTE 05/12/2017   P Year 3 500 00030692SSW   23/01/2024   23/01/2024 Textbook
    Classificação Decimal de Dewey     ECB - SUDOESTE ECB - SUDOESTE 05/12/2017   P Year 3 500 00030697SSW   23/01/2024   23/01/2024 Textbook
    Classificação Decimal de Dewey     ECB - SUDOESTE ECB - SUDOESTE 05/12/2017 1 P Year 3 500 00030702SSW 29/11/2024 20/02/2024 20/02/2024 23/01/2024 Textbook
    Classificação Decimal de Dewey     ECB - SUDOESTE ECB - SUDOESTE 05/12/2017 1 P Year 3 500 00030564SSW 29/11/2024 20/02/2024 20/02/2024 23/01/2024 Textbook
    Classificação Decimal de Dewey     ECB - SUDOESTE ECB - SUDOESTE 05/12/2017 1 P Year 3 500 00030569SSW 29/11/2024 20/02/2024 20/02/2024 23/01/2024 Textbook
    Classificação Decimal de Dewey     ECB - SUDOESTE ECB - SUDOESTE 05/12/2017   P Year 3 500 00030572SSW   23/01/2024   23/01/2024 Textbook
    Classificação Decimal de Dewey     ECB - SUDOESTE ECB - SUDOESTE 05/12/2017 1 P Year 3 500 00030577SSW   30/04/2024 21/02/2024 23/01/2024 Textbook
    Classificação Decimal de Dewey     ECB - SUDOESTE ECB - SUDOESTE 05/12/2017 1 P Year 3 500 00030580SSW 29/11/2024 20/02/2024 20/02/2024 23/01/2024 Textbook
    Classificação Decimal de Dewey     ECB - SUDOESTE ECB - SUDOESTE 05/12/2017   P Year 3 500 00030588SSW   23/01/2024   23/01/2024 Textbook
    Classificação Decimal de Dewey     ECB - SUDOESTE ECB - SUDOESTE 05/12/2017 1 P Year 3 500 00030593SSW 29/11/2024 20/02/2024 20/02/2024 23/01/2024 Textbook
    Classificação Decimal de Dewey     ECB - SUDOESTE ECB - SUDOESTE 05/12/2017 1 P Year 3 500 00030596SSW 29/11/2024 20/02/2024 20/02/2024 23/01/2024 Textbook
    Classificação Decimal de Dewey     ECB - SUDOESTE ECB - SUDOESTE 05/12/2017 2 P Year 3 500 00030601SSW 29/11/2024 20/02/2024 20/02/2024 23/01/2024 Textbook
    Classificação Decimal de Dewey     ECB - SUDOESTE ECB - SUDOESTE 05/12/2017 1 P Year 3 500 00030606SSW 29/11/2024 20/02/2024 20/02/2024 23/01/2024 Textbook
    Classificação Decimal de Dewey     ECB - SUDOESTE ECB - SUDOESTE 05/12/2017 1 P Year 3 500 00030609SSW 29/11/2024 20/02/2024 20/02/2024 23/01/2024 Textbook
    Classificação Decimal de Dewey     ECB - SUDOESTE ECB - SUDOESTE 05/12/2017 1 P Year 3 500 00030614SSW 29/11/2024 20/02/2024 20/02/2024 23/01/2024 Textbook
    Classificação Decimal de Dewey     ECB - SUDOESTE ECB - SUDOESTE 05/12/2017 1 P Year 3 500 00030617SSW 29/11/2024 20/02/2024 20/02/2024 23/01/2024 Textbook
    Classificação Decimal de Dewey     ECB - SUDOESTE ECB - SUDOESTE 05/12/2017   P Year 3 500 00030622SSW   23/01/2024   23/01/2024 Textbook
    Classificação Decimal de Dewey     ECB - SUDOESTE ECB - SUDOESTE 05/12/2017 1 P Year 3 500 00030625SSW 29/11/2024 20/02/2024 20/02/2024 23/01/2024 Textbook
    Classificação Decimal de Dewey     ECB - SUDOESTE ECB - SUDOESTE 05/12/2017   P Year 3 500 00030630SSW   23/01/2024   23/01/2024 Textbook
    Classificação Decimal de Dewey     ECB - SUDOESTE ECB - SUDOESTE 05/12/2017 1 P Year 3 500 00030633SSW 29/11/2024 21/02/2024 21/02/2024 23/01/2024 Textbook
    Classificação Decimal de Dewey     ECB - SUDOESTE ECB - SUDOESTE 05/12/2017   P Year 3 500 00030638SSW   23/01/2024   23/01/2024 Textbook
    Classificação Decimal de Dewey     ECB - SUDOESTE ECB - SUDOESTE 05/12/2017 1 P Year 3 500 00030641SSW 29/11/2024 21/02/2024 21/02/2024 23/01/2024 Textbook
    Classificação Decimal de Dewey     ECB - SUDOESTE ECB - SUDOESTE 05/12/2017 1 P Year 3 500 00030646SSW 29/11/2024 20/02/2024 20/02/2024 23/01/2024 Textbook
    Classificação Decimal de Dewey     ECB - SUDOESTE ECB - SUDOESTE 05/12/2017 1 P Year 3 500 00030651SSW 29/11/2024 05/04/2024 05/04/2024 23/01/2024 Textbook
    Classificação Decimal de Dewey     ECB - SUDOESTE ECB - SUDOESTE 05/12/2017 1 P Year 3 500 00030654SSW 29/11/2024 20/02/2024 20/02/2024 23/01/2024 Textbook
    Classificação Decimal de Dewey     ECB - SUDOESTE ECB - SUDOESTE 05/12/2017 1 P Year 3 500 00030659SSW 29/11/2024 20/02/2024 20/02/2024 23/01/2024 Textbook
    Classificação Decimal de Dewey     ECB - SUDOESTE ECB - SUDOESTE 05/12/2017 1 P Year 3 500 00030662SSW 29/11/2024 20/02/2024 20/02/2024 23/01/2024 Textbook
    Classificação Decimal de Dewey     ECB - SUDOESTE ECB - SUDOESTE 05/12/2017 1 P Year 3 500 00030667SSW 29/11/2024 20/02/2024 20/02/2024 23/01/2024 Textbook
    Classificação Decimal de Dewey     ECB - SUDOESTE ECB - SUDOESTE 05/12/2017 1 P Year 3 500 00030670SSW 29/11/2024 20/02/2024 20/02/2024 23/01/2024 Textbook
    Classificação Decimal de Dewey     ECB - SUDOESTE ECB - SUDOESTE 05/12/2017 1 P Year 3 500 00030675SSW 29/11/2024 20/02/2024 20/02/2024 23/01/2024 Textbook
    Classificação Decimal de Dewey     ECB - SUDOESTE ECB - SUDOESTE 05/12/2017 1 P Year 3 500 00030678SSW 29/11/2024 21/02/2024 21/02/2024 23/01/2024 Textbook
    Classificação Decimal de Dewey     ECB - SUDOESTE ECB - SUDOESTE 05/12/2017   P Year 3 500 00030683SSW   23/01/2024   23/01/2024 Textbook
    Classificação Decimal de Dewey     ECB - SUDOESTE ECB - SUDOESTE 05/12/2017 1 P Year 3 500 00030686SSW 29/11/2024 20/02/2024 20/02/2024 23/01/2024 Textbook
    Classificação Decimal de Dewey     ECB - SUDOESTE ECB - SUDOESTE 05/12/2017   P Year 3 500 00030691SSW   23/01/2024   23/01/2024 Textbook
    Classificação Decimal de Dewey     ECB - SUDOESTE ECB - SUDOESTE 05/12/2017 1 P Year 3 500 00030694SSW 29/11/2024 21/02/2024 21/02/2024 23/01/2024 Textbook
    Classificação Decimal de Dewey     ECB - SUDOESTE ECB - SUDOESTE 05/12/2017   P Year 3 500 00030696SSW   23/01/2024   23/01/2024 Textbook
    Classificação Decimal de Dewey     ECB - SUDOESTE ECB - SUDOESTE 05/12/2017 1 P Year 3 500 00030699SSW 29/11/2024 20/02/2024 20/02/2024 23/01/2024 Textbook
    Classificação Decimal de Dewey     ECB - SUDOESTE ECB - SUDOESTE 05/12/2017   P Year 3 500 00030704SSW   23/01/2024   23/01/2024 Textbook
    Classificação Decimal de Dewey     ECB - SUDOESTE ECB - SUDOESTE 05/12/2017   P Year 3 500 00030566SSW   23/01/2024   23/01/2024 Textbook
    Classificação Decimal de Dewey     ECB - SUDOESTE ECB - SUDOESTE 05/12/2017   P Year 3 500 00030571SSW   23/01/2024   23/01/2024 Textbook
    Classificação Decimal de Dewey     ECB - SUDOESTE ECB - SUDOESTE 05/12/2017 1 P Year 3 500 00030574SSW 29/11/2024 20/02/2024 20/02/2024 23/01/2024 Textbook
    Classificação Decimal de Dewey     ECB - SUDOESTE ECB - SUDOESTE 05/12/2017 1 P Year 3 500 00030579SSW 29/11/2024 21/02/2024 21/02/2024 23/01/2024 Textbook
    Classificação Decimal de Dewey     ECB - SUDOESTE ECB - SUDOESTE 05/12/2017 1 P Year 3 500 00030582SSW 29/11/2024 20/02/2024 20/02/2024 23/01/2024 Textbook
    Classificação Decimal de Dewey     ECB - SUDOESTE ECB - SUDOESTE 05/12/2017 1 P Year 3 500 00030587SSW 29/11/2024 20/02/2024 20/02/2024 23/01/2024 Textbook
    Classificação Decimal de Dewey     ECB - SUDOESTE ECB - SUDOESTE 05/12/2017   P Year 3 500 00030590SSW   23/01/2024   23/01/2024 Textbook
    Classificação Decimal de Dewey     ECB - SUDOESTE ECB - SUDOESTE 05/12/2017 1 P Year 3 500 00030595SSW 29/11/2024 20/02/2024 20/02/2024 23/01/2024 Textbook
    Classificação Decimal de Dewey     ECB - SUDOESTE ECB - SUDOESTE 05/12/2017 1 P Year 3 500 00030600SSW 29/11/2024 20/02/2024 20/02/2024 23/01/2024 Textbook
    Classificação Decimal de Dewey     ECB - SUDOESTE ECB - SUDOESTE 05/12/2017 1 P Year 3 500 00030603SSW 29/11/2024 21/02/2024 21/02/2024 23/01/2024 Textbook
    Classificação Decimal de Dewey     ECB - SUDOESTE ECB - SUDOESTE 05/12/2017 1 P Year 3 500 00030608SSW 29/11/2024 21/02/2024 21/02/2024 23/01/2024 Textbook
    Classificação Decimal de Dewey     ECB - SUDOESTE ECB - SUDOESTE 05/12/2017 1 P Year 3 500 00030611SSW 29/11/2024 20/02/2024 20/02/2024 23/01/2024 Textbook
    Classificação Decimal de Dewey     ECB - SUDOESTE ECB - SUDOESTE 05/12/2017 1 P Year 3 500 00030616SSW 29/11/2024 20/02/2024 20/02/2024 23/01/2024 Textbook
    Classificação Decimal de Dewey     ECB - SUDOESTE ECB - SUDOESTE 05/12/2017   P Year 3 500 00030619SSW   23/01/2024   23/01/2024 Textbook
    Classificação Decimal de Dewey     ECB - SUDOESTE ECB - SUDOESTE 05/12/2017 1 P Year 3 500 00030624SSW 29/11/2024 20/02/2024 20/02/2024 23/01/2024 Textbook
    Classificação Decimal de Dewey     ECB - SUDOESTE ECB - SUDOESTE 05/12/2017 1 P Year 3 500 00030627SSW 29/11/2024 20/02/2024 20/02/2024 23/01/2024 Textbook
    Classificação Decimal de Dewey     ECB - SUDOESTE ECB - SUDOESTE 05/12/2017   P Year 3 500 00030632SSW   23/01/2024   23/01/2024 Textbook
    Classificação Decimal de Dewey     ECB - SUDOESTE ECB - SUDOESTE 05/12/2017 1 P Year 3 500 00030635SSW 29/11/2024 20/02/2024 20/02/2024 23/01/2024 Textbook
    Classificação Decimal de Dewey     ECB - SUDOESTE ECB - SUDOESTE 05/12/2017 1 P Year 3 500 00030640SSW 29/11/2024 20/02/2024 20/02/2024 23/01/2024 Textbook
    Classificação Decimal de Dewey     ECB - SUDOESTE ECB - SUDOESTE 05/12/2017   P Year 3 500 00030643SSW   23/01/2024   23/01/2024 Textbook
    Classificação Decimal de Dewey     ECB - SUDOESTE ECB - SUDOESTE 05/12/2017   P Year 3 500 00030648SSW   23/01/2024   23/01/2024 Textbook
    Classificação Decimal de Dewey     ECB - SUDOESTE ECB - SUDOESTE 05/12/2017 1 P Year 3 500 00030653SSW 29/11/2024 20/02/2024 20/02/2024 23/01/2024 Textbook
    Classificação Decimal de Dewey     ECB - SUDOESTE ECB - SUDOESTE 05/12/2017 1 P Year 3 500 00030656SSW 29/11/2024 21/02/2024 21/02/2024 23/01/2024 Textbook
    Classificação Decimal de Dewey     ECB - SUDOESTE ECB - SUDOESTE 05/12/2017   P Year 3 500 00030661SSW   23/01/2024   23/01/2024 Textbook
    Classificação Decimal de Dewey     ECB - SUDOESTE ECB - SUDOESTE 05/12/2017 1 P Year 3 500 00030664SSW 29/11/2024 20/02/2024 20/02/2024 23/01/2024 Textbook
    Classificação Decimal de Dewey     ECB - SUDOESTE ECB - SUDOESTE 05/12/2017 1 P Year 3 500 00030669SSW 29/11/2024 21/02/2024 21/02/2024 23/01/2024 Textbook
    Classificação Decimal de Dewey     ECB - SUDOESTE ECB - SUDOESTE 05/12/2017   P Year 3 500 00030672SSW   23/01/2024   23/01/2024 Textbook
    Classificação Decimal de Dewey     ECB - SUDOESTE ECB - SUDOESTE 05/12/2017 1 P Year 3 500 00030677SSW 29/11/2024 21/02/2024 21/02/2024 23/01/2024 Textbook
    Classificação Decimal de Dewey     ECB - SUDOESTE ECB - SUDOESTE 05/12/2017   P Year 3 500 00030680SSW   23/01/2024   23/01/2024 Textbook
    Classificação Decimal de Dewey     ECB - SUDOESTE ECB - SUDOESTE 05/12/2017 1 P Year 3 500 00030685SSW 29/11/2024 20/02/2024 20/02/2024 23/01/2024 Textbook
    Classificação Decimal de Dewey     ECB - SUDOESTE ECB - SUDOESTE 05/12/2017 1 P Year 3 500 00030688SSW 29/11/2024 20/02/2024 20/02/2024 23/01/2024 Textbook
    Classificação Decimal de Dewey     ECB - SUDOESTE ECB - SUDOESTE 05/12/2017   P Year 3 500 00030693SSW   23/01/2024   23/01/2024 Textbook
    Classificação Decimal de Dewey     ECB - SUDOESTE ECB - SUDOESTE 05/12/2017   P Year 3 500 00030698SSW   23/01/2024   23/01/2024 Textbook
    Classificação Decimal de Dewey     ECB - SUDOESTE ECB - SUDOESTE 05/12/2017 1 P Year 3 500 00030701SSW 29/11/2024 20/02/2024 20/02/2024 23/01/2024 Textbook
    Classificação Decimal de Dewey     ECB - SUDOESTE ECB - SUDOESTE 05/12/2017 1 P Year 3 500 00030706SSW 29/11/2024 20/02/2024 20/02/2024 23/01/2024 Textbook
    Classificação Decimal de Dewey     ECB - SUDOESTE ECB - SUDOESTE 11/10/2016 1 P Year 3 500 00024781SSW 29/11/2024 20/02/2024 20/02/2024 23/01/2024 Textbook
    Classificação Decimal de Dewey     ECB - SUDOESTE ECB - SUDOESTE 07/12/2017 1 P Year 3 500 00030853SSW 29/11/2024 20/02/2024 20/02/2024 23/01/2024 Textbook
    Classificação Decimal de Dewey     ECB - SUDOESTE ECB - SUDOESTE 05/12/2017 1 P Year 3 500 00030565SSW 29/11/2024 20/02/2024 20/02/2024 23/01/2024 Textbook
    Classificação Decimal de Dewey     ECB - SUDOESTE ECB - SUDOESTE 05/12/2017   P Year 3 500 00030568SSW   23/01/2024   23/01/2024 Textbook
    Classificação Decimal de Dewey     ECB - SUDOESTE ECB - SUDOESTE 05/12/2017 1 P Year 3 500 00030573SSW 29/11/2024 20/02/2024 20/02/2024 23/01/2024 Textbook
    Classificação Decimal de Dewey     ECB - SUDOESTE ECB - SUDOESTE 05/12/2017   P Year 3 500 00030581SSW   23/01/2024   23/01/2024 Textbook
    Classificação Decimal de Dewey     ECB - SUDOESTE ECB - SUDOESTE 05/12/2017   P Year 3 500 00030584SSW   23/01/2024   23/01/2024 Textbook
    Classificação Decimal de Dewey     ECB - SUDOESTE ECB - SUDOESTE 05/12/2017 1 P Year 3 500 00030589SSW 29/11/2024 21/02/2024 21/02/2024 23/01/2024 Textbook
    Classificação Decimal de Dewey     ECB - SUDOESTE ECB - SUDOESTE 05/12/2017   P Year 3 500 00030592SSW   23/01/2024   23/01/2024 Textbook
    Classificação Decimal de Dewey     ECB - SUDOESTE ECB - SUDOESTE 05/12/2017 1 P Year 3 500 00030597SSW 29/11/2024 20/02/2024 20/02/2024 23/01/2024 Textbook
    Classificação Decimal de Dewey     ECB - SUDOESTE ECB - SUDOESTE 05/12/2017 1 P Year 3 500 00030602SSW 29/11/2024 20/02/2024 20/02/2024 23/01/2024 Textbook
    Classificação Decimal de Dewey     ECB - SUDOESTE ECB - SUDOESTE 05/12/2017   P Year 3 500 00030605SSW   23/01/2024   23/01/2024 Textbook
    Classificação Decimal de Dewey     ECB - SUDOESTE ECB - SUDOESTE 05/12/2017   P Year 3 500 00030610SSW   23/01/2024   23/01/2024 Textbook
    Classificação Decimal de Dewey     ECB - SUDOESTE ECB - SUDOESTE 05/12/2017   P Year 3 500 00030613SSW   23/01/2024   23/01/2024 Textbook
    Classificação Decimal de Dewey     ECB - SUDOESTE ECB - SUDOESTE 05/12/2017 1 P Year 3 500 00030618SSW 29/11/2024 21/02/2024 21/02/2024 23/01/2024 Textbook
    Classificação Decimal de Dewey     ECB - SUDOESTE ECB - SUDOESTE 05/12/2017 1 P Year 3 500 00030621SSW 29/11/2024 08/04/2024 08/04/2024 23/01/2024 Textbook
    Classificação Decimal de Dewey     ECB - SUDOESTE ECB - SUDOESTE 05/12/2017 1 P Year 3 500 00030626SSW 29/11/2024 20/02/2024 20/02/2024 23/01/2024 Textbook
    Classificação Decimal de Dewey     ECB - SUDOESTE ECB - SUDOESTE 05/12/2017 1 P Year 3 500 00030629SSW 29/11/2024 20/02/2024 20/02/2024 23/01/2024 Textbook
    Classificação Decimal de Dewey     ECB - SUDOESTE ECB - SUDOESTE 05/12/2017 1 P Year 3 500 00030634SSW 29/11/2024 20/02/2024 20/02/2024 23/01/2024 Textbook
    Classificação Decimal de Dewey     ECB - SUDOESTE ECB - SUDOESTE 05/12/2017   P Year 3 500 00030637SSW   23/01/2024   23/01/2024 Textbook
    Classificação Decimal de Dewey     ECB - SUDOESTE ECB - SUDOESTE 05/12/2017 1 P Year 3 500 00030642SSW 29/11/2024 20/02/2024 20/02/2024 23/01/2024 Textbook
    Classificação Decimal de Dewey     ECB - SUDOESTE ECB - SUDOESTE 05/12/2017 1 P Year 3 500 00030645SSW 29/11/2024 21/02/2024 21/02/2024 23/01/2024 Textbook
    Classificação Decimal de Dewey     ECB - SUDOESTE ECB - SUDOESTE 05/12/2017 1 P Year 3 500 00030647SSW 29/11/2024 21/02/2024 21/02/2024 23/01/2024 Textbook
    Classificação Decimal de Dewey     ECB - SUDOESTE ECB - SUDOESTE 05/12/2017 1 P Year 3 500 00030650SSW 29/11/2024 20/02/2024 20/02/2024 23/01/2024 Textbook
    Classificação Decimal de Dewey     ECB - SUDOESTE ECB - SUDOESTE 05/12/2017   P Year 3 500 00030655SSW   23/01/2024   23/01/2024 Textbook
    Classificação Decimal de Dewey     ECB - SUDOESTE ECB - SUDOESTE 05/12/2017   P Year 3 500 00030658SSW   23/01/2024   23/01/2024 Textbook
    Classificação Decimal de Dewey     ECB - SUDOESTE ECB - SUDOESTE 05/12/2017 1 P Year 3 500 00030663SSW 29/11/2024 20/02/2024 20/02/2024 23/01/2024 Textbook
    Classificação Decimal de Dewey     ECB - SUDOESTE ECB - SUDOESTE 05/12/2017   P Year 3 500 00030666SSW   23/01/2024   23/01/2024 Textbook
    Classificação Decimal de Dewey     ECB - SUDOESTE ECB - SUDOESTE 05/12/2017 1 P Year 3 500 00030671SSW 29/11/2024 21/02/2024 21/02/2024 23/01/2024 Textbook
    Classificação Decimal de Dewey     ECB - SUDOESTE ECB - SUDOESTE 05/12/2017 1 P Year 3 500 00030674SSW 29/11/2024 20/02/2024 20/02/2024 23/01/2024 Textbook
    Classificação Decimal de Dewey     ECB - SUDOESTE ECB - SUDOESTE 05/12/2017   P Year 3 500 00030679SSW   23/01/2024   23/01/2024 Textbook
    Classificação Decimal de Dewey     ECB - SUDOESTE ECB - SUDOESTE 05/12/2017 1 P Year 3 500 00030682SSW 29/11/2024 20/02/2024 20/02/2024 23/01/2024 Textbook
    Classificação Decimal de Dewey     ECB - SUDOESTE ECB - SUDOESTE 05/12/2017 1 P Year 3 500 00030687SSW 29/11/2024 21/02/2024 21/02/2024 23/01/2024 Textbook
    Classificação Decimal de Dewey     ECB - SUDOESTE ECB - SUDOESTE 05/12/2017 1 P Year 3 500 00030690SSW 29/11/2024 20/02/2024 20/02/2024 23/01/2024 Textbook
    Classificação Decimal de Dewey     ECB - SUDOESTE ECB - SUDOESTE 05/12/2017 1 P Year 3 500 00030695SSW 29/11/2024 20/02/2024 20/02/2024 23/01/2024 Textbook
    Classificação Decimal de Dewey     ECB - SUDOESTE ECB - SUDOESTE 05/12/2017   P Year 3 500 00030700SSW   23/01/2024   23/01/2024 Textbook
    Classificação Decimal de Dewey     ECB - SUDOESTE ECB - SUDOESTE 05/12/2017 1 P Year 3 500 00030703SSW 29/11/2024 21/02/2024 21/02/2024 23/01/2024 Textbook
    Classificação Decimal de Dewey     ECB - SUDOESTE ECB - SUDOESTE 20/12/2022   P Year 3 500 ASP 00059524SSW   23/01/2024   23/01/2024 Textbook
    Classificação Decimal de Dewey     ECB - SUDOESTE ECB - SUDOESTE 02/02/2023   P Year 3 500 ASP 00059801SSW   23/01/2024   23/01/2024 Textbook
    Classificação Decimal de Dewey     ECB - SUDOESTE ECB - SUDOESTE 02/02/2023   P Year 3 500 ASP 00059802SSW   23/01/2024   23/01/2024 Textbook
    Classificação Decimal de Dewey     ECB - SUDOESTE ECB - SUDOESTE 02/02/2023   P Year 3 500 ASP 00059803SSW   23/01/2024   23/01/2024 Textbook
    Classificação Decimal de Dewey     ECB - SUDOESTE ECB - SUDOESTE 02/02/2023   P Year 3 500 ASP 00059804SSW   23/01/2024   23/01/2024 Textbook
    Classificação Decimal de Dewey     ECB - SUDOESTE ECB - SUDOESTE 02/02/2023 1 P Year 3 500 ASP 00059805SSW 29/11/2024 20/02/2024 20/02/2024 23/01/2024 Textbook
    Classificação Decimal de Dewey     ECB - SUDOESTE ECB - SUDOESTE 02/02/2023   P Year 3 500 ASP 00059800SSW   23/01/2024   23/01/2024 Textbook
    Classificação Decimal de Dewey     ECB - SUDOESTE ECB - SUDOESTE 02/02/2023   P Year 3 500 ASP 00059798SSW   23/01/2024   23/01/2024 Textbook
    Classificação Decimal de Dewey     ECB - SUDOESTE ECB - SUDOESTE 02/02/2023   P Year 3 500 ASP 00059799SSW   23/01/2024   23/01/2024 Textbook
    Classificação Decimal de Dewey     ECB - SUDOESTE ECB - SUDOESTE 16/11/2020   P Year 3 500 ASP 00051086SSW   23/01/2024   23/01/2024 Textbook
    Classificação Decimal de Dewey     ECB - SUDOESTE ECB - SUDOESTE 16/11/2020 1 P Year 3 500 ASP 00051087SSW 29/11/2024 20/02/2024 20/02/2024 23/01/2024 Textbook
    Classificação Decimal de Dewey     ECB - SUDOESTE ECB - SUDOESTE 16/11/2020 1 P Year 3 500 ASP 00051088SSW 29/11/2024 21/02/2024 21/02/2024 23/01/2024 Textbook
    Classificação Decimal de Dewey     ECB - SUDOESTE ECB - SUDOESTE 16/11/2020   P Year 3 500 ASP 00051089SSW   23/01/2024   23/01/2024 Textbook
    Classificação Decimal de Dewey     ECB - SUDOESTE ECB - SUDOESTE 16/11/2020 1 P Year 3 500 ASP 00051090SSW 29/11/2024 21/02/2024 21/02/2024 23/01/2024 Textbook
    Classificação Decimal de Dewey     ECB - SUDOESTE ECB - SUDOESTE 16/11/2020 1 P Year 3 500 ASP 00051091SSW 29/11/2024 21/02/2024 21/02/2024 23/01/2024 Textbook
    Classificação Decimal de Dewey     ECB - SUDOESTE ECB - SUDOESTE 16/11/2020   P Year 3 500 ASP 00051092SSW   23/01/2024   23/01/2024 Textbook
    Classificação Decimal de Dewey     ECB - SUDOESTE ECB - SUDOESTE 16/11/2020 1 P Year 3 500 ASP 00051093SSW 29/11/2024 21/02/2024 21/02/2024 23/01/2024 Textbook
    Classificação Decimal de Dewey     ECB - SUDOESTE ECB - SUDOESTE 16/11/2020 1 P Year 3 500 ASP 00051094SSW 29/11/2024 20/02/2024 20/02/2024 23/01/2024 Textbook
    Classificação Decimal de Dewey     ECB - SUDOESTE ECB - SUDOESTE 16/11/2020 1 P Year 3 500 ASP 00051095SSW 29/11/2024 20/02/2024 20/02/2024 23/01/2024 Textbook
    Classificação Decimal de Dewey     ECB - SUDOESTE ECB - SUDOESTE 16/11/2020 1 P Year 3 500 ASP 00051096SSW 29/11/2024 21/02/2024 21/02/2024 23/01/2024 Textbook
    Classificação Decimal de Dewey     ECB - SUDOESTE ECB - SUDOESTE 16/11/2020 1 P Year 3 500 ASP 00051097SSW 29/11/2024 20/02/2024 20/02/2024 23/01/2024 Textbook
    Classificação Decimal de Dewey     ECB - SUDOESTE ECB - SUDOESTE 16/11/2020 1 P Year 3 500 ASP 00051098SSW 29/11/2024 20/02/2024 20/02/2024 23/01/2024 Textbook
    Classificação Decimal de Dewey     ECB - SUDOESTE ECB - SUDOESTE 16/11/2020 1 P Year 3 500 ASP 00051099SSW 29/11/2024 20/02/2024 20/02/2024 23/01/2024 Textbook
    Classificação Decimal de Dewey     ECB - SUDOESTE ECB - SUDOESTE 16/11/2020 1 P Year 3 500 ASP 00051100SSW 29/11/2024 21/02/2024 21/02/2024 23/01/2024 Textbook
    Classificação Decimal de Dewey     ECB - SUDOESTE ECB - SUDOESTE 17/11/2020   P Year 3 500 ASP 00051345SSW   23/01/2024   23/01/2024 Textbook
    Classificação Decimal de Dewey     ECB - ÁGUAS CLARAS ECB - ÁGUAS CLARAS 05/12/2017   AP Year 3 500 ASP 00030585AGC   23/01/2024   23/01/2024 Textbook
    Classificação Decimal de Dewey     ECB - ÁGUAS CLARAS ECB - ÁGUAS CLARAS 07/12/2019   AP Year 3 500 ASP 00044954AGC   23/01/2024   23/01/2024 Textbook
    Classificação Decimal de Dewey     ECB - ÁGUAS CLARAS ECB - ÁGUAS CLARAS 07/12/2019   AP Year 3 500 ASP 00044955AGC   23/01/2024   23/01/2024 Textbook
    Classificação Decimal de Dewey     ECB - ÁGUAS CLARAS ECB - ÁGUAS CLARAS 07/12/2019   AP Year 3 500 ASP 00044956AGC   23/01/2024   23/01/2024 Textbook
    Classificação Decimal de Dewey     ECB - ÁGUAS CLARAS ECB - ÁGUAS CLARAS 07/12/2019   AP Year 3 500 ASP 00044957AGC   23/01/2024   23/01/2024 Textbook
    Classificação Decimal de Dewey     ECB - ÁGUAS CLARAS ECB - ÁGUAS CLARAS 07/12/2019   AP Year 3 500 ASP 00044958AGC   23/01/2024   23/01/2024 Textbook
    Classificação Decimal de Dewey     ECB - ÁGUAS CLARAS ECB - ÁGUAS CLARAS 07/12/2019   AP Year 3 500 ASP 00044960AGC   23/01/2024   23/01/2024 Textbook
    Classificação Decimal de Dewey     ECB - ÁGUAS CLARAS ECB - ÁGUAS CLARAS 07/12/2019   AP Year 3 500 ASP 00044963AGC   23/01/2024   23/01/2024 Textbook
    Classificação Decimal de Dewey     ECB - ÁGUAS CLARAS ECB - ÁGUAS CLARAS 07/12/2019   AP Year 3 500 ASP 00044964AGC   23/01/2024   23/01/2024 Textbook
    Classificação Decimal de Dewey     ECB - ÁGUAS CLARAS ECB - ÁGUAS CLARAS 07/12/2019   AP Year 3 500 ASP 00044965AGC   23/01/2024   23/01/2024 Textbook
    Classificação Decimal de Dewey     ECB - ÁGUAS CLARAS ECB - ÁGUAS CLARAS 07/12/2019   AP Year 3 500 ASP 00044966AGC   23/01/2024   23/01/2024 Textbook
    Classificação Decimal de Dewey     ECB - ÁGUAS CLARAS ECB - ÁGUAS CLARAS 07/12/2019   AP Year 3 500 ASP 00044968AGC   23/01/2024   23/01/2024 Textbook
    Classificação Decimal de Dewey     ECB - ÁGUAS CLARAS ECB - ÁGUAS CLARAS 07/12/2019   AP Year 3 500 ASP 00044969AGC   23/01/2024   23/01/2024 Textbook
    Classificação Decimal de Dewey     ECB - ÁGUAS CLARAS ECB - ÁGUAS CLARAS 07/12/2019   AP Year 3 500 ASP 00044970AGC   23/01/2024   23/01/2024 Textbook
    Classificação Decimal de Dewey     ECB - ÁGUAS CLARAS ECB - ÁGUAS CLARAS 07/12/2019   AP Year 3 500 ASP 00044971AGC   23/01/2024   23/01/2024 Textbook
    Classificação Decimal de Dewey     ECB - ÁGUAS CLARAS ECB - ÁGUAS CLARAS 07/12/2019   AP Year 3 500 ASP 00044973AGC   23/01/2024   23/01/2024 Textbook
    Classificação Decimal de Dewey     ECB - ÁGUAS CLARAS ECB - ÁGUAS CLARAS 07/12/2019   AP Year 3 500 ASP 00044974AGC   23/01/2024   23/01/2024 Textbook
    Classificação Decimal de Dewey     ECB - ÁGUAS CLARAS ECB - ÁGUAS CLARAS 07/12/2019   AP Year 3 500 ASP 00044976AGC   23/01/2024   23/01/2024 Textbook
    Classificação Decimal de Dewey     ECB - ÁGUAS CLARAS ECB - ÁGUAS CLARAS 07/12/2019   AP Year 3 500 ASP 00044978AGC   23/01/2024   23/01/2024 Textbook
    Classificação Decimal de Dewey     ECB - ÁGUAS CLARAS ECB - ÁGUAS CLARAS 07/12/2019   AP Year 3 500 ASP 00044979AGC   23/01/2024   23/01/2024 Textbook
    Classificação Decimal de Dewey     ECB - ÁGUAS CLARAS ECB - ÁGUAS CLARAS 07/12/2019   AP Year 3 500 ASP 00044980AGC   23/01/2024   23/01/2024 Textbook
    Classificação Decimal de Dewey     ECB - ÁGUAS CLARAS ECB - ÁGUAS CLARAS 07/12/2019   AP Year 3 500 ASP 00044981AGC   23/01/2024   23/01/2024 Textbook
    Classificação Decimal de Dewey     ECB - ÁGUAS CLARAS ECB - ÁGUAS CLARAS 07/12/2019   AP Year 3 500 ASP 00044982AGC   23/01/2024   23/01/2024 Textbook
    Classificação Decimal de Dewey     ECB - ÁGUAS CLARAS ECB - ÁGUAS CLARAS 07/12/2019   AP Year 3 500 ASP 00044983AGC   23/01/2024   23/01/2024 Textbook
    Classificação Decimal de Dewey     ECB - ÁGUAS CLARAS ECB - ÁGUAS CLARAS 05/12/2017   AP Year 3 500 ASP 00030598AGC   23/01/2024   23/01/2024 Textbook
    Classificação Decimal de Dewey     ECB - ÁGUAS CLARAS ECB - ÁGUAS CLARAS 05/12/2017   AP Year 3 500 ASP 00030576AGC   23/01/2024   23/01/2024 Textbook
    Classificação Decimal de Dewey     ECB - ÁGUAS CLARAS ECB - ÁGUAS CLARAS 06/11/2020   AP Year 3 500 ASP 00050455AGC   23/01/2024   23/01/2024 Textbook
    Classificação Decimal de Dewey     ECB - ÁGUAS CLARAS ECB - ÁGUAS CLARAS 06/11/2020   AP Year 3 500 ASP 00050456AGC   23/01/2024   23/01/2024 Textbook
    Classificação Decimal de Dewey     ECB - ÁGUAS CLARAS ECB - ÁGUAS CLARAS 06/11/2020   AP Year 3 500 ASP 00050457AGC   23/01/2024   23/01/2024 Textbook
    Classificação Decimal de Dewey     ECB - ÁGUAS CLARAS ECB - ÁGUAS CLARAS 06/11/2020   AP Year 3 500 ASP 00050458AGC   23/01/2024   23/01/2024 Textbook
    Classificação Decimal de Dewey     ECB - ÁGUAS CLARAS ECB - ÁGUAS CLARAS 06/11/2020   AP Year 3 500 ASP 00050459AGC   23/01/2024   23/01/2024 Textbook
    Classificação Decimal de Dewey     ECB - ÁGUAS CLARAS ECB - ÁGUAS CLARAS 06/11/2020   AP Year 3 500 ASP 00050460AGC   23/01/2024   23/01/2024 Textbook
    Classificação Decimal de Dewey     ECB - ÁGUAS CLARAS ECB - ÁGUAS CLARAS 06/11/2020   AP Year 3 500 ASP 00050461AGC   23/01/2024   23/01/2024 Textbook
    Classificação Decimal de Dewey     ECB - ÁGUAS CLARAS ECB - ÁGUAS CLARAS 06/11/2020   AP Year 3 500 ASP 00050462AGC   23/01/2024   23/01/2024 Textbook
    Classificação Decimal de Dewey     ECB - ÁGUAS CLARAS ECB - ÁGUAS CLARAS 06/11/2020   AP Year 3 500 ASP 00050463AGC   23/01/2024   23/01/2024 Textbook
    Classificação Decimal de Dewey     ECB - ÁGUAS CLARAS ECB - ÁGUAS CLARAS 06/11/2020   AP Year 3 500 ASP 00050464AGC   23/01/2024   23/01/2024 Textbook
    Classificação Decimal de Dewey     ECB - ÁGUAS CLARAS ECB - ÁGUAS CLARAS 06/11/2020 1 AP Year 3 500 ASP 00050465AGC 29/03/2024 29/01/2024 29/01/2024 23/01/2024 Textbook
    Classificação Decimal de Dewey     ECB - ÁGUAS CLARAS ECB - ÁGUAS CLARAS 06/11/2020   AP Year 3 500 ASP 00050466AGC   23/01/2024   23/01/2024 Textbook
    Classificação Decimal de Dewey     ECB - ÁGUAS CLARAS ECB - ÁGUAS CLARAS 06/11/2020   AP Year 3 500 ASP 00050467AGC   23/01/2024   23/01/2024 Textbook
    Classificação Decimal de Dewey     ECB - ÁGUAS CLARAS ECB - ÁGUAS CLARAS 06/11/2020   AP Year 3 500 ASP 00050468AGC   23/01/2024   23/01/2024 Textbook
    Classificação Decimal de Dewey     ECB - ÁGUAS CLARAS ECB - ÁGUAS CLARAS 06/11/2020   AP Year 3 500 ASP 00050469AGC   23/01/2024   23/01/2024 Textbook
    Classificação Decimal de Dewey     ECB - ÁGUAS CLARAS ECB - ÁGUAS CLARAS 06/11/2020   AP Year 3 500 ASP 00050470AGC   23/01/2024   23/01/2024 Textbook
    Classificação Decimal de Dewey     ECB - ÁGUAS CLARAS ECB - ÁGUAS CLARAS 06/11/2020   AP Year 3 500 ASP 00050471AGC   23/01/2024   23/01/2024 Textbook
    Classificação Decimal de Dewey     ECB - ÁGUAS CLARAS ECB - ÁGUAS CLARAS 06/11/2020   AP Year 3 500 ASP 00050472AGC   23/01/2024   23/01/2024 Textbook
    Classificação Decimal de Dewey     ECB - ÁGUAS CLARAS ECB - ÁGUAS CLARAS 06/11/2020   AP Year 3 500 ASP 00050473AGC   23/01/2024   23/01/2024 Textbook
    Classificação Decimal de Dewey     ECB - ÁGUAS CLARAS ECB - ÁGUAS CLARAS 06/11/2020   AP Year 3 500 ASP 00050474AGC   23/01/2024   23/01/2024 Textbook
    Classificação Decimal de Dewey     ECB - ÁGUAS CLARAS ECB - ÁGUAS CLARAS 06/11/2020   AP Year 3 500 ASP 00050475AGC   23/01/2024   23/01/2024 Textbook
    Classificação Decimal de Dewey     ECB - ÁGUAS CLARAS ECB - ÁGUAS CLARAS 06/11/2020   AP Year 3 500 ASP 00050476AGC   23/01/2024   23/01/2024 Textbook
    Classificação Decimal de Dewey     ECB - ÁGUAS CLARAS ECB - ÁGUAS CLARAS 06/11/2020   AP Year 3 500 ASP 00050477AGC   23/01/2024   23/01/2024 Textbook
    Classificação Decimal de Dewey     ECB - ÁGUAS CLARAS ECB - ÁGUAS CLARAS 06/11/2020   AP Year 3 500 ASP 00050478AGC   23/01/2024   23/01/2024 Textbook
    Classificação Decimal de Dewey     ECB - ÁGUAS CLARAS ECB - ÁGUAS CLARAS 06/11/2020   AP Year 3 500 ASP 00050479AGC   23/01/2024   23/01/2024 Textbook
    Classificação Decimal de Dewey     ECB - ÁGUAS CLARAS ECB - ÁGUAS CLARAS 06/11/2020   AP Year 3 500 ASP 00050480AGC   23/01/2024   23/01/2024 Textbook
    Classificação Decimal de Dewey     ECB - ÁGUAS CLARAS ECB - ÁGUAS CLARAS 06/11/2020   AP Year 3 500 ASP 00050447AGC   23/01/2024   23/01/2024 Textbook
    Classificação Decimal de Dewey     ECB - ÁGUAS CLARAS ECB - ÁGUAS CLARAS 06/11/2020   AP Year 3 500 ASP 00050448AGC   23/01/2024   23/01/2024 Textbook
    Classificação Decimal de Dewey     ECB - ÁGUAS CLARAS ECB - ÁGUAS CLARAS 06/11/2020   AP Year 3 500 ASP 00050449AGC   23/01/2024   23/01/2024 Textbook
    Classificação Decimal de Dewey     ECB - ÁGUAS CLARAS ECB - ÁGUAS CLARAS 06/11/2020   AP Year 3 500 ASP 00050450AGC   23/01/2024   23/01/2024 Textbook
    Classificação Decimal de Dewey     ECB - ÁGUAS CLARAS ECB - ÁGUAS CLARAS 06/11/2020   AP Year 3 500 ASP 00050451AGC   23/01/2024   23/01/2024 Textbook
    Classificação Decimal de Dewey     ECB - ÁGUAS CLARAS ECB - ÁGUAS CLARAS 06/11/2020   AP Year 3 500 ASP 00050452AGC   23/01/2024   23/01/2024 Textbook
    Classificação Decimal de Dewey     ECB - ÁGUAS CLARAS ECB - ÁGUAS CLARAS 06/11/2020   AP Year 3 500 ASP 00050453AGC   23/01/2024   23/01/2024 Textbook
    Classificação Decimal de Dewey     ECB - ÁGUAS CLARAS ECB - ÁGUAS CLARAS 06/11/2020   AP Year 3 500 ASP 00050454AGC   23/01/2024   23/01/2024 Textbook
    Classificação Decimal de Dewey     ECB - ÁGUAS CLARAS ECB - ÁGUAS CLARAS 12/11/2021   AP Year 3 500 ASP 00055768AGC   23/01/2024   23/01/2024 Textbook
    Classificação Decimal de Dewey     ECB - ÁGUAS CLARAS ECB - ÁGUAS CLARAS 12/11/2021   AP Year 3 500 ASP 00055769AGC   23/01/2024   23/01/2024 Textbook
    Classificação Decimal de Dewey     ECB - ÁGUAS CLARAS ECB - ÁGUAS CLARAS 12/11/2021   AP Year 3 500 ASP 00055770AGC   23/01/2024   23/01/2024 Textbook
    Classificação Decimal de Dewey     ECB - ÁGUAS CLARAS ECB - ÁGUAS CLARAS 12/11/2021   AP Year 3 500 ASP 00055771AGC   23/01/2024   23/01/2024 Textbook
    Classificação Decimal de Dewey     ECB - ÁGUAS CLARAS ECB - ÁGUAS CLARAS 12/11/2021   AP Year 3 500 ASP 00055772AGC   23/01/2024   23/01/2024 Textbook
    Classificação Decimal de Dewey     ECB - ÁGUAS CLARAS ECB - ÁGUAS CLARAS 12/11/2021   AP Year 3 500 ASP 00055773AGC   23/01/2024   23/01/2024 Textbook
    Classificação Decimal de Dewey     ECB - ÁGUAS CLARAS ECB - ÁGUAS CLARAS 12/11/2021   AP Year 3 500 ASP 00055774AGC   23/01/2024   23/01/2024 Textbook
    Classificação Decimal de Dewey     ECB - ÁGUAS CLARAS ECB - ÁGUAS CLARAS 12/11/2021   AP Year 3 500 ASP 00055775AGC   23/01/2024   23/01/2024 Textbook
    Classificação Decimal de Dewey     ECB - ÁGUAS CLARAS ECB - ÁGUAS CLARAS 12/11/2021   AP Year 3 500 ASP 00055776AGC   23/01/2024   23/01/2024 Textbook
    Classificação Decimal de Dewey     ECB - ÁGUAS CLARAS ECB - ÁGUAS CLARAS 12/11/2021   AP Year 3 500 ASP 00055778AGC   23/01/2024   23/01/2024 Textbook
    Classificação Decimal de Dewey     ECB - ÁGUAS CLARAS ECB - ÁGUAS CLARAS 12/11/2021   AP Year 3 500 ASP 00055764AGC   23/01/2024   23/01/2024 Textbook
    Classificação Decimal de Dewey     ECB - ÁGUAS CLARAS ECB - ÁGUAS CLARAS 12/11/2021   AP Year 3 500 ASP 00055765AGC   23/01/2024   23/01/2024 Textbook
    Classificação Decimal de Dewey     ECB - ÁGUAS CLARAS ECB - ÁGUAS CLARAS 12/11/2021   AP Year 3 500 ASP 00055766AGC   23/01/2024   23/01/2024 Textbook
    Classificação Decimal de Dewey     ECB - ÁGUAS CLARAS ECB - ÁGUAS CLARAS 12/11/2021   AP Year 3 500 ASP 00055767AGC   23/01/2024   23/01/2024 Textbook